Statistiques concernant NBA Les 7 détenteurs du record de points en carrière

Cliquez ici pour prendre le quiz!

Statistiques générales

  • Ce quiz a été pris 167 fois
  • Le résultat moyen est 4 sur 7

Statistiques - réponses

ÉquipePointsAnnéeJoueur% Correct
Cavaliers-Heat-Lakers39 8982023-LeBron James
99%
Bucks-Lakers38 3871984-2023Kareem Abdul-Jabbar
92%
Warriors-Sixers-Lakers31 4191966-1984Wilt Chamberlain
86%
Hawks20 8801964-66Bob Pettit
44%
Lakers10 1561952-58George Mikan
22%
Sixers18 4381958-64Dolph Schayes
6%
Warriors80031946-52Joe Fulks
4%

Distribution des résultats

Percentile par nombre de réponses

% des personnes avec chaque résultat

Votre développement - résultats

Vous n’avez pas pris ce quiz